书目信息 |
| 题名: |
季羡林谈翻译
|
|
| 作者: | 季羡林, 著 ;季羡林研究所 编 | |
| 分册: | ||
| 出版信息: | 北京 当代中国出版社 2007.06 |
|
| 页数: | 167页, [1] 叶图版 | |
| 开本: | 23cm | |
| 丛书名: | 季羡林作品系列 | |
| 单 册: | ||
| 中图分类: | H059 | |
| 科图分类: | ||
| 主题词: | 翻译--fan yi--文集 | |
| 电子资源: | ||
| ISBN: | 978-7-80170-595-2 | |
| 000 | 00935nam 2200253 450 | |
| 001 | 012007138806 | |
| 005 | 20070926170820.50 | |
| 010 | @a978-7-80170-595-2@dCNY19.00 | |
| 100 | @a20070815d2007 km y0chiy0120 ea | |
| 101 | 0 | @achi |
| 102 | @aCN@b110000 | |
| 105 | @aacf z 000yy | |
| 200 | 1 | @a季羡林谈翻译@Aji xian lin tan fan yi@f季羡林著@Fji xian lin zhu@g季羡林研究所编@Gji xian lin yan jiu suo bian |
| 210 | @a北京@c当代中国出版社@d2007.06 | |
| 215 | @a167页, [1] 叶图版@c图, 肖像@d23cm | |
| 225 | 2 | @a季羡林作品系列@Aji xian lin zuo pin xi lie |
| 330 | @a本书包括翻译对中国文化的重要意义,再谈翻译,翻译危机,汉语与外语,新世纪应用语言学的几个问题,文化交流推动人类社会前进等。 | |
| 410 | 0 | @12001 @a季羡林作品系列 |
| 606 | 0 | @a翻译@Afan yi@j文集 |
| 690 | @aH059@v4 | |
| 701 | 0 | @a季羡林,@Aji xian lin@f1911- @4著 |
| 712 | 02 | @a季羡林研究所@Aji xian lin yan jiu suo@4编 |
| 801 | 0 | @aCN@c20070926 |
| 905 | @dH059@eJ182 | |
| 季羡林谈翻译/季羡林著/季羡林研究所编.-北京:当代中国出版社,2007.06 |
| 167页, [1] 叶图版:图, 肖像;23cm.-(季羡林作品系列) |
| ISBN 978-7-80170-595-2:CNY19.00 |
| 本书包括翻译对中国文化的重要意义,再谈翻译,翻译危机,汉语与外语,新世纪应用语言学的几个问题,文化交流推动人类社会前进等。 |
| ● |
| 相关链接 |
|
|
|
正题名:季羡林谈翻译
索取号:H059/J182
 
预约/预借
| 序号 | 登录号 | 条形码 | 馆藏地/架位号 | 状态 | 备注 |
| 1 | 245849 | 202458492 | 语言库209/209语言库 67排3列1层/ [索取号:H059/J182] | 在馆 | |
| 2 | 245850 | 202458508 | 语言库209/209语言库 67排3列1层/ [索取号:H059/J182] | 在馆 | |
| 3 | 245851 | 202458517 | 语言库209/209语言库 67排3列1层/ [索取号:H059/J182] | 在馆 |